000 00447nam a2200157Ia 4500
003 GCL
008 140319s9999 xx 000 0 eng d
040 _aGCL /
_cGCL
082 0 4 _a150.195
_bB S
100 1 _aBOLT, MARTIN
245 1 0 _aSOCIALPSYCHOLOGY: INSTRUCTOR'S MANUAL TO ACCOMPANY MYORS /
_cBOLT, MARTIN
260 _a[S.N] :
_bMC GRAW - HILL ،
_c1993
300 _a418 P
650 0 4 _aالحضارة الفرعونية
942 _2ddc
_cBK
999 _c13328
_d13328